Health Econometrics (Record no. 60114)

MARC details
000 -LEADER
fixed length control field 00826nam a22002297a 4500
005 - DATE AND TIME OF LATEST TRANSACTION
control field 20260203122422.0
008 - FIXED-LENGTH DATA ELEMENTS--GENERAL INFORMATION
fixed length control field 260203b |||||||| |||| 00| 0 eng d
020 ## - INTERNATIONAL STANDARD BOOK NUMBER
International Standard Book Number 978-1-78714-541-2
050 ## - LIBRARY OF CONGRESS CALL NUMBER
Classification number RA410
Item number .H41 2018
245 ## - TITLE STATEMENT
Title Health Econometrics
260 ## - PUBLICATION, DISTRIBUTION, ETC. (IMPRINT)
Place of publication, distribution, etc Bingley, UK
Name of publisher, distributor, etc Emerald Publishing Limited
Date of publication, distribution, etc 2018
300 ## - PHYSICAL DESCRIPTION
Extent xiv, 391 p. :
Other physical details illustrations, maps ;
Dimensions 24 cm
440 ## - SERIES STATEMENT/ADDED ENTRY--TITLE
Title Contributions to Economic Analysis Volume 294
500 ## - GENERAL NOTE
General note Includes bibliographical references and index.
650 ## - SUBJECT ADDED ENTRY--TOPICAL TERM
Topical term or geographic name as entry element Medical economics
650 ## - SUBJECT ADDED ENTRY--TOPICAL TERM
Topical term or geographic name as entry element Econometrics
650 ## - SUBJECT ADDED ENTRY--TOPICAL TERM
Topical term or geographic name as entry element Economics
General subdivision Medical statistics and numerical data
700 ## - ADDED ENTRY--PERSONAL NAME
Personal name Baltagi, Badi H.
Relator term Editor
700 ## - ADDED ENTRY--PERSONAL NAME
Personal name Sadka, Efraim
Relator term Editor
856 ## - ELECTRONIC LOCATION AND ACCESS
Uniform Resource Identifier https://www.emerald.com/books/edited-volume/10663/Health-Econometrics?searchresult=1
942 ## - ADDED ENTRY ELEMENTS (KOHA)
Source of classification or shelving scheme Library of Congress Classification
Item type E-book
Holdings
Withdrawn status Lost status Source of classification or shelving scheme Damaged status Not for loan Home library Current library Date acquired Total Checkouts Full call number Date last seen Uniform Resource Identifier Price effective from Koha item type
    Library of Congress Classification     Nairobi Campus Nairobi Campus 03/02/2026   RA410 .H41 2018 03/02/2026 https://www.emerald.com/books/edited-volume/10663/Health-Econometrics?searchresult=1 03/02/2026 E-book